00509nam a2200193Ia 4500008004100000020001800041050001400059100002400073245001200097245008100109245002400190260001500214260001600229260000900245300001600254300002700270300001000297500000800307170918s9999 xx 000 0 und d a9780439837156 bH245 2004 aHannigan, Katherine aIda B : band her plans to maximize fun, avoid disaster, and possibly save the world / cKatherine Hannigan. aNew York : bScholastic, c2004 a246 pages : bcolored illustration ; c19cm. a970